[Event "ICS rated blitz match"]
[Site "207.99.83.227"]
[Date "1999.03.29"]
[Round "?"]
[White "blunite"]
[Black "Hossa"]
[Result "0-1"]
[WhiteElo "2303"]
[BlackElo "2578"]
[PlyCount "46"]

1. e4 e5 2. Nf3 Nc6 3. Bc4 Bc5 4. Nc3 Nf6 5. a3 O-O 6. d3 d6 7. O-O Bg4 8. h3
Bh5 9. Be3 Nd4 10. g4 Bg6 11. Bg5 c6 12. Ba2 Rc8 13. Na4 Qe7 14. Nxc5 dxc5 15.
Kg2 Rcd8 16. c3 Ne6 17. Bxe6 Qxe6 18. Qe2 c4 19. dxc4 Bxe4 20. Bxf6 Bd3 21.
Qxd3 Rxd3 22. Bxe5 h5 23. g5 23... Qf5 {blunite resigns} 0-1

[Event "ICS rated blitz match"]
[Site "207.99.83.227"]
[Date "1999.03.29"]
[Round "?"]
[White "Hossa"]
[Black "blunite"]
[Result "1-0"]
[WhiteElo "2583"]
[BlackElo "2298"]
[PlyCount "81"]

1. e4 e5 2. Nf3 Nc6 3. Bc4 Bc5 4. c3 Nf6 5. d3 O-O 6. b4 Bb6 7. b5 Na5 8. Nxe5
d5 9. exd5 Re8 10. f4 Bg4 11. Qa4 Nxd5 12. Qc2 Nxc4 13. dxc4 Nxf4 14. Bxf4 f6
15. Nd2 fxe5 16. Bg3 Qg5 17. Qe4 Rad8 18. Nf1 Rd6 19. c5 Bxc5 20. Qc4+ Kh8 21.
Qxc5 Red8 22. Ne3 b6 23. Qxe5 Qxe5 24. Bxe5 Re6 25. Nxg4 h5 26. O-O hxg4 27.
Bxc7 Rc8 28. Bg3 Rxc3 29. Rf7 Re2 30. Rxa7 Rcc2 31. Rb7 Rxg2+ 32. Kf1 Rxa2 33.
Rxa2 Rxa2 34. Rxb6 Kh7 35. Bf2 g5 36. Kg2 Rb2 37. Kg3 Rb4 38. Bc5 Rc4 39. Be7
Re4 40. Bxg5 Rb4 41. Bf4 {blunite resigns} 1-0

[Event "ICS rated blitz match"]
[Site "207.99.83.227"]
[Date "1999.03.29"]
[Round "?"]
[White "Hossa"]
[Black "blunite"]
[Result "1-0"]
[WhiteElo "2588"]
[BlackElo "2299"]
[PlyCount "79"]

1. e4 e6 2. d4 d5 3. Nd2 Nf6 4. e5 Nfd7 5. Ngf3 c5 6. c3 Nc6 7. Bb5 Be7 8. Qa4
Qc7 9. O-O O-O 10. Qd1 f6 11. Bxc6 bxc6 12. exf6 Nxf6 13. Ne5 cxd4 14. cxd4 c5
15. Ndf3 cxd4 16. Qxd4 Bc5 17. Qh4 Ne4 18. Nd3 Bd6 19. Ng5 Nxg5 20. Bxg5 Ba6
21. Rad1 Rf5 22. Be3 Raf8 23. Rfe1 Bb5 24. Kh1 e5 25. Rc1 Qf7 26. g4 Rf6 27.
Nc5 d4 28. Ne4 Qd5 29. g5 Rf5 30. Rcd1 Bc6 31. f3 Rxf3 32. g6 h6 33. Bxh6 Rf1+
34. Kg2 R8f2+ 35. Qxf2 Rxf2+ 36. Kxf2 Bb4 37. Bd2 Qa5 38. Bxb4 Qxb4 39. Kg3
Qxb2 40. Rb1 {blunite resigns} 1-0

[Event "ICS rated blitz match"]
[Site "207.99.83.227"]
[Date "1999.03.29"]
[Round "?"]
[White "blunite"]
[Black "Hossa"]
[Result "0-1"]
[WhiteElo "2294"]
[BlackElo "2593"]
[PlyCount "82"]

1. d4 Nf6 2. Nf3 e6 3. e3 Be7 4. Bd3 O-O 5. O-O d5 6. Nbd2 Nc6 7. c3 b6 8. Re1
Bb7 9. e4 Rc8 10. e5 Nd7 11. h3 Re8 12. Nf1 a5 13. Ng3 Ra8 14. Qc2 Nf8 15. Nh2
a4 16. Nh5 Ba6 17. Re3 Bxd3 18. Qxd3 Ng6 19. Rg3 a3 20. b3 Rc8 21. Nf3 Qd7 22.
Bg5 Rf8 23. h4 Rce8 24. Nxg7 Kxg7 25. h5 Bxg5 26. Rxg5 Kh8 27. hxg6 fxg6 28.
Kh2 Qg7 29. Rg3 Rf5 30. Rh1 Ref8 31. Kg1 Qf7 32. Rgh3 Rh5 33. Rxh5 gxh5 34. Rh3
Rg8 35. Kf1 Rg4 36. Rh4 Qf4 37. g3 Qc1+ 38. Kg2 Rxh4 39. Nxh4 Kg8 40. Nf3 Kg7
41. Ng5 41... Qxg5 {blunite resigns} 0-1

[Event "ICS rated blitz match"]
[Site "207.99.83.227"]
[Date "1999.03.29"]
[Round "?"]
[White "Hossa"]
[Black "Speedy"]
[Result "1-0"]
[WhiteElo "2598"]
[BlackElo "2393"]
[PlyCount "131"]

1. e4 c5 2. Bc4 a6 3. Nc3 e6 4. d3 b5 5. Bb3 Nc6 6. Nf3 Nge7 7. O-O d6 8. a3 g6
9. Bg5 Bg7 10. Bxe7 Qxe7 11. Qe1 O-O 12. Qe3 Nd4 13. Rac1 Bb7 14. Nd1 a5 15.
Nxd4 Bxd4 16. Qh3 a4 17. Ba2 Bg7 18. Qg4 Qc7 19. Rb1 b4 20. Ne3 Bc6 21. Kh1
Rab8 22. axb4 cxb4 23. Bc4 Qa5 24. Bxe6 fxe6 25. Qxe6+ Rf7 26. Nc4 Qc7 27. Nxd6
Rbf8 28. Nxf7 Rxf7 29. Qc4 Qb7 30. Qc5 h6 31. Qd6 Kh7 32. Kg1 Rd7 33. Qg3 Re7
34. Qe3 Qb5 35. c4 Qe5 36. Qb6 Qd6 37. c5 Qe6 38. Qxb4 Rb7 39. Qa3 Rb3 40. Qa2
Bd4 41. Rfc1 Qf6 42. Rc2 Kg7 43. Kh1 g5 44. Rd1 Rxb2 45. Rxb2 Bxb2 46. f3 a3
47. d4 Bxd4 48. Qxa3 Be5 49. Qe3 Bf4 50. Qe1 h5 51. Rd3 Be5 52. Ra3 h4 53. Qc1
Bd7 54. Ra7 Kg6 55. Rxd7 Bf4 56. Qb1 Kh5 57. Rh7+ Kg6 58. e5+ Qf5 59. Rg7+ Kxg7
60. Qxf5 Kh6 61. c6 Kg7 62. c7 Bxe5 63. Qxe5+ Kf7 64. Qxg5 Ke6 65. c8=Q+ Kd6
66. Qgc5# {Speedy checkmated} 1-0

[Event "ICS rated blitz match"]
[Site "207.99.83.227"]
[Date "1999.03.29"]
[Round "?"]
[White "WhiteHorse"]
[Black "Hossa"]
[Result "0-1"]
[WhiteElo "2444"]
[BlackElo "2606"]
[PlyCount "86"]

1. d4 Nf6 2. c3 d5 3. e3 e6 4. Bd3 Be7 5. f4 c5 6. Nf3 c4 7. Bc2 Nc6 8. O-O O-O
9. Nbd2 Bd7 10. Ne5 Rc8 11. Rf3 Bd6 12. Rh3 Ne7 13. g4 Ng6 14. Nf1 Qe7 15. Ng3
Bc6 16. Nh5 Bxe5 17. fxe5 Ne4 18. Bxe4 dxe4 19. Nf4 Nh4 20. Bd2 Nf3+ 21. Kh1
Qg5 22. Rg3 Rcd8 23. Qe2 Nxd2 24. Qxd2 Qxe5 25. Rag1 Qa5 26. a3 e5 27. Nh5 exd4
28. Qf2 dxc3 29. bxc3 Qxc3 30. h4 Qxa3 31. g5 c3 32. Nf4 b5 33. h5 Rd2 34. Qf1
c2 35. g6 Rd1 36. gxh7+ Kxh7 37. Rxg7+ Kh6 38. Qh3 Rxg1+ 39. Rxg1 c1=Q 40. Rxc1
Qxc1+ 41. Kh2 Rg8 42. Qf5 Qg1+ 43. Kh3 43... Qh1# {WhiteHorse checkmated} 0-1

[Event "ICS Rated blitz match"]
[Site "207.99.83.227"]
[Date "1999.03.29"]
[Round "?"]
[White "WhiteHorse"]
[Black "Hossa"]
[Result "0-1"]
[WhiteElo "2427"]
[BlackElo "2623"]
[PlyCount "72"]

1. d4 Nf6 2. c3 e6 3. e3 d5 4. Bd3 Nc6 5. f4 Bd7 6. Nf3 Qe7 7. Nbd2 O-O-O 8. b4
Ng4 9. Qe2 Qe8 10. a4 Ne7 11. b5 Nf5 12. Nb3 f6 13. a5 Nd6 14. b6 a6 15. bxc7
Kxc7 16. Nc5 Nf5 17. Bd2 Bxc5 18. dxc5 Qh5 19. Rb1 Ng3 20. Qd1 Nxh1 21. Qb3 Bc8
22. Qb6+ Kd7 23. c6+ bxc6 24. Qa7+ Ke8 25. Rb8 Nxh2 26. Qc7 Nxf3+ 27. gxf3 Qh2
28. Rxc8 Qg1+ 29. Bf1 Qf2+ 30. Kd1 Qxf1+ 31. Kc2 Rxc8 32. Qxc8+ Kf7 33. Qxh8
Nf2 34. Bc1 Qd1+ 35. Kb1 Nd3 36. Ka2 36... Qc2+ {WhiteHorse resigns} 0-1

[Event "ICS rated blitz match"]
[Site "207.99.83.227"]
[Date "1999.03.29"]
[Round "?"]
[White "Hossa"]
[Black "WhiteHorse"]
[Result "1-0"]
[WhiteElo "2631"]
[BlackElo "2419"]
[PlyCount "49"]

1. e4 c5 2. Bc4 a6 3. Nc3 b5 4. Bxf7+ Kxf7 5. Qh5+ g6 6. Qd5+ e6 7. Qxa8 Qc7 8.
d3 Nc6 9. Bf4 d6 10. Nf3 h6 11. Nxb5 axb5 12. O-O e5 13. Be3 Nf6 14. Qa3 Be6
15. c3 b4 16. cxb4 cxb4 17. Qa6 Nb8 18. Qb5 Be7 19. Rfc1 Qd7 20. Qxb4 d5 21.
Nxe5+ Ke8 22. Qxb8+ Qd8 23. Qxd8+ Kxd8 24. Nxg6 Re8 25. Bb6+ {
WhiteHorse resigns} 1-0

[Event "ICS Rated blitz match"]
[Site "164.58.253.13"]
[Date "1999.03.29"]
[Round "?"]
[White "blik"]
[Black "Hossa"]
[Result "1/2-1/2"]
[WhiteElo "2268"]
[BlackElo "2077"]
[PlyCount "160"]

1. e4 c5 2. Nf3 Nc6 3. d4 cxd4 4. Nxd4 Qb6 5. Nb3 Nf6 6. Nc3 e6 7. Be3 Qd8 8.
Bb5 Bb4 9. Qd3 O-O 10. Bc5 Bxc3+ 11. bxc3 Re8 12. Bxc6 dxc6 13. Qxd8 Rxd8 14.
Be7 Rd7 15. Bxf6 gxf6 16. O-O e5 17. a4 Re7 18. Rfd1 Bg4 19. f3 Be6 20. Nc5 b6
21. Nxe6 fxe6 22. Rd6 Rc8 23. a5 bxa5 24. Rxa5 Kf7 25. Ra6 c5 26. Ra5 c4 27.
Ra4 h5 28. Kf2 h4 29. Kf1 Rcc7 30. Ke2 Kg6 31. Raa6 Rb7 32. Rxe6 Rxe6 33. Rxe6
Rb2 34. Kd2 Rb1 35. Re8 Rg1 36. Rg8+ Kf7 37. Rg4 a5 38. Rxh4 Rxg2+ 39. Kc1 Rf2
40. Rh3 Kg6 41. Rg3+ Kh5 42. Rh3+ Kg5 43. Kb2 Re2 44. Rg3+ Kf4 45. Rg6 Kxf3 46.
Rxf6+ Kxe4 47. Rc6 Kd5 48. Ra6 Rxh2 49. Rxa5+ Kd6 50. Ra4 Rh4 51. Ka3 Re4 52.
Kb4 Rf4 53. Ra6+ Kd5 54. Ra8 Rg4 55. Rd8+ Ke6 56. Re8+ Kd6 57. Rd8+ Ke7 58. Rc8
Rg2 59. Kxc4 Rxc2 60. Kd5 Re2 61. c4 e4 62. c5 e3 63. Ke4 Kd7 64. Rh8 Rc2 65.
Kxe3 Rxc5 66. Kd4 Rc1 67. Kd5 Rd1+ 68. Ke5 Kc6 69. Ke6 Re1+ 70. Kf7 Re2 71. Kg8
Rf2 72. Kh7 Rg2 73. Kh6 Rg1 74. Kh7 Kb7 75. Kh6 Rg3 76. Kh7 Rg4 77. Kh6 Rg1 78.
Kh7 Rg3 79. Kh6 Kc6 80. Kh7 80... Kd6 {Game drawn by mutual agreement} 1/2-1/2

[Event "ICS Rated blitz match"]
[Site "164.58.253.13"]
[Date "1999.03.29"]
[Round "?"]
[White "Hossa"]
[Black "Eyefor"]
[Result "0-1"]
[WhiteElo "2082"]
[BlackElo "2358"]
[Annotator "Crafty v16.6"]
[PlyCount "104"]

{annotating for player Hossa using a scoring margin of +0.10 pawns. search
time limit is 12.00} 1. e4 1... c5 2. Bc4 Nf6 3. d3 ({9:-0.12} 3. d3 3... Nc6
4. Nc3 Na5 5. Bb5 a6 6. Ba4 b5 7. e5 $10) ({9:+0.12} 3. e5 3... d5 4. exd6 exd6
5. Nf3 Be7 6. O-O O-O 7. Nc3 7... Nc6 $10) 3... d5 4. exd5 Nxd5 5. Nf3 e6 6.
O-O Be7 7. Bd2 ({9:+0.06} 7. Bd2 7... O-O 8. Nc3 Nc6 9. Re1 Nb6 10. Bb5 Nd4 11.
Ne5 Nxb5 12. Nxb5 $10) ({9:+0.19} 7. Nbd2 7... O-O 8. Ne4 Nb6 9. Bb3 Nc6 10.
Nfg5 Nd4 11. Qh5 Nxb3 12. axb3 $10) 7... Bf6 8. Nc3 Nxc3 9. bxc3 O-O 10. Rb1
Nd7 11. Bb3 b6 12. Re1 Bb7 13. Qe2 Bc6 14. Bc4 a6 15. Bb3 Qc7 16. Ng5 Be5 17.
f4 Bf6 18. Bxe6 fxe6 19. Qxe6+ Kh8 20. Nf7+ Rxf7 21. Qxf7 Qc8 22. Rb3 ({8:-0.31
} 22. Rb3 22... Qg8 23. Qh5 g6 24. Qg4 c4 25. dxc4 Qxc4 26. Re6 $15) ({8:+0.12
} 22. f5 22... Be5 23. Re2 Qb8 24. h4 Qd6 25. Qe6 Bh2+ 26. Kh1 $10) 22... Qg8
23. Qh5 g6 24. Qh3 Re8 25. Rxe8 Qxe8 26. Qg4 Bg7 27. h3 Nf6 28. Qg5 Nd7 29. Kf2
({10:-0.69} 29. Kf2 29... h6 30. Qg4 Qf7 31. Kg1 Bd5 32. c4 Bd4+ 33. Kh1 Be6
34. Qf3 $15) ({13:+0.00} 29. Qg4 $10) 29... Bb5 30. Rb2 c4 31. Kg1 ({9:-1.52} 
31. Kg1 31... Qe2 32. f5 cxd3 33. cxd3 Qxd3 34. Qd8+ Bf8 35. fxg6 hxg6 36. Qe8
Qf1+ 37. Kh2 37... Kh7 $19) ({9:-0.70} 31. Rxb5 31... h6 32. Qd5 axb5 33. Qxb5
cxd3 34. cxd3 Qe6 35. a4 35... Kh7 $15) 31... cxd3 32. cxd3 ({9:-1.56} 32. cxd3
32... Bxd3 33. Qd5 Bf5 34. Qc4 a5 35. g4 Be6 36. Qe4 36... Nc5 $19) ({9:-1.45} 
32. a4 32... Bxa4 33. cxd3 Bb5 34. d4 Qe2 35. Qd8+ Bf8 36. d5 Qf1+ 37. Kh2
37... a5 $17) 32... Bxd3 33. h4 ({8:-1.95} 33. h4 33... Bf6 34. Qg4 Bf5 35. Qg3
Qe2 36. Qe1 Qxe1+ 37. Bxe1 37... Kg7 $19) ({8:-1.56} 33. Qd5 33... Bf5 34. Qc4
a5 35. g4 Be6 36. Qe4 36... Nc5 $19) 33... Bf5 34. h5 h6 35. Qg3 gxh5 36. Qf3
h4 37. Rb3 Qc8 38. Kh2 ({8:-2.05} 38. Kh2 38... b5 39. Qh5 Nc5 40. Rb2 Na4 41.
Rb3 41... Qd7 $19) ({8:-1.83} 38. Be1 38... Be6 39. Rb2 Qc5+ 40. Kh2 Be5 41.
Qf2 Qxf2 42. Rxf2 42... Bd6 $19) 38... Be6 39. Ra3 ({9:-2.26} 39. Ra3 39... Nf6
40. Be1 Bd5 41. Qd3 Qg4 42. Qd2 a5 43. Kg1 $19) ({9:-1.93} 39. Rb2 39... Qc4
40. Be1 Bf5 41. Kg1 Bf6 42. Re2 Qc5+ 43. Bf2 43... Qd6 $19) 39... Nf6 40. Ra4 (
{9:-3.70} 40. Ra4 40... Qd7 41. Rd4 Ng4+ 42. Qxg4 Bxg4 43. Rxd7 Bxd7 44. Be3
44... b5 $19) ({9:-2.27} 40. Be1 40... Bd5 41. Qd3 Qg4 42. Qd2 a5 43. Qf2 Bf8
44. Qxb6 Bxa3 45. Qxf6+ $19) 40... Ng4+ 41. Kg1 h3 42. gxh3 Qc5+ 43. Be3 Nxe3
44. Kh2 ({8:-6.43} 44. Kh2 44... Qxc3 45. Re4 Qd2+ 46. Kg1 Bd4 47. Kh1 Bxa2 48.
Re7 $19) ({8:-5.20} 44. Re4 44... Nf5+ 45. Kh2 Bxa2 46. Re2 Bb3 47. Re8+ Kh7
48. Qe2 Bxc3 49. Qxa6 $19) 44... Qxc3 45. Rxa6 ({8:-11.13} 45. Rxa6 45... Qd2+
46. Kg1 Qe1+ 47. Kh2 Bd5 48. Qxd5 Qf2+ 49. Kh1 Qf1+ 50. Kh2 Qxf4+ 51. Kh1 Qf1+
52. Kh2 52... Nxd5 $19) ({8:-7.04} 45. Re4 45... Qd2+ 46. Kg1 Bd4 47. Kh1 Bd5
48. Re8+ Kg7 49. Re7+ Kf8 50. Re4 Bxe4 51. Qxe4 $19) 45... Ng4+ 46. Kg3 Qe1+
47. Kg2 Bd5 48. hxg4 Qe2+ 49. Kg3 Qxf3+ 50. Kh4 Qf2+ 51. Kh3 Qg2+ 52. Kh4 Qh2#
0-1

[Event "ICS Rated blitz match"]
[Site "164.58.253.13"]
[Date "1999.03.29"]
[Round "?"]
[White "Hossa"]
[Black "blik"]
[Result "0-1"]
[WhiteElo "2079"]
[BlackElo "2262"]
[Annotator "Crafty v16.6"]
[PlyCount "159"]

{annotating for player Hossa using a scoring margin of +0.10 pawns. search
time limit is 12.00} 1. e4 1... e6 2. Nf3 c5 3. Be2 ({9:+0.08} 3. Be2 3... Nc6
4. O-O e5 5. Bb5 d6 6. d4 cxd4 7. Bg5 $10) ({9:+0.34} 3. Bb5 3... Nf6 4. e5 Ng4
5. h3 Nh6 6. Nc3 Nc6 7. O-O $14) 3... Nc6 4. O-O Nf6 5. Nc3 d5 6. exd5 exd5 7.
d4 Ne4 8. Re1 ({8:+0.51} 8. Re1 8... Be7 9. dxc5 Nxc3 10. bxc3 O-O 11. Be3 Bg4
12. Nd4 $14) ({8:+0.75} 8. Na4 8... Be7 9. Nxc5 O-O 10. Nb3 Re8 11. Bf4 11...
Bg4 $16) 8... Be7 9. Nxe4 ({8:-0.07} 9. Nxe4 9... dxe4 10. Ne5 cxd4 11. Nxc6
bxc6 12. Bc4 e3 13. fxe3 13... Bh4 $10) ({8:+0.48} 9. dxc5 9... Nxc3 10. bxc3
O-O 11. Be3 Bg4 12. Nd4 Bxe2 13. Qxe2 13... Re8 $14) 9... dxe4 10. Nd2 Qxd4 11.
Bb5 f5 12. Bxc6+ bxc6 13. c3 Qd5 14. f3 exf3 15. Qxf3 Be6 16. Qxd5 ({9:-0.08} 
16. Qxd5 16... Bxd5 17. c4 Bf7 18. Nf3 Rd8 19. Nh4 Bg6 20. Bg5 20... Rd7 $10) (
{9:+0.41} 16. Qe2 16... Kf7 17. Nf3 c4 18. Ng5+ Bxg5 19. Bxg5 Rhe8 20. Qh5+ Kg8
21. Rad1 Bf7 22. Rxd5 Bxh5 23. Rxe8+ Rxe8 24. Rxf5 $14) 16... Bxd5 17. Re5 Rf8
18. Nb3 ({10:-0.64} 18. Nb3 18... Kd7 19. Be3 Bd6 20. Nxc5+ Kc8 21. Bd4 Bxe5
22. Bxe5 Rf7 23. Kf2 $15) ({10:-0.08} 18. c4 18... Bg8 19. Nb3 Kd8 20. Na5 Bd6
21. Bg5+ Kc7 22. Re3 Kb6 23. Ra3 $10) 18... Kd8 19. Be3 Bd6 20. Bxc5 Bxe5 21.
Bxf8 Kc7 22. Bb4 ({9:-0.36} 22. Bb4 22... Re8 23. Bc5 a6 24. Bd4 Kd6 25. Rd1
Rb8 26. Bxe5+ Kxe5 27. Re1+ 27... Be4 $15) ({9:-0.22} 22. Re1 22... Re8 23. Kf2
Be4 24. Bc5 a6 25. Bd4 Kd6 26. Bxe5+ Rxe5 27. Re3 $10) 22... Re8 23. Nc5 ({
8:-0.88} 23. Nc5 23... Bf4 24. Nd3 Be3+ 25. Kf1 Bc4 26. Rd1 Re4 27. b3 $17) ({
8:-0.43} 23. Kf2 23... Bf4 24. Bc5 a6 25. g3 Be5 26. Bd4 Kd6 27. Bxe5+ 27...
Rxe5 $15) 23... Bf4 24. b3 ({8:-1.05} 24. b3 24... Re2 25. Kf1 Rc2 26. g3 Bd2
27. h3 Bxc3 28. Bxc3 28... Rxc3 $17) ({8:-0.94} 24. Nd3 24... Be3+ 25. Kh1 f4
26. h3 Bc4 27. Rd1 Bxa2 28. Nc5 Bxc5 29. Bxc5 $17) 24... Re2 25. Kf1 Rc2 26.
Re1 Rxa2 27. Re7+ Kd8 28. Rxg7 Be5 29. Rxh7 Bxg2+ 30. Kg1 Bd5 31. h4 Ra1+ 32.
Kf2 a6 33. c4 Ra2+ 34. Ke3 f4+ 35. Kd3 Bg2 36. h5 ({9:+0.00} 36. h5 36... f3
37. Rf7 f2 38. Rf8+ Kc7 39. Rf7+ Kc8 40. Rf8+ 40... Kc7 $10) ({9:+1.33} 36.
Nb7+ 36... Kc8 37. Bd6 Bf1+ 38. Ke4 Re2+ 39. Kf3 Re3+ 40. Kf2 Bd3 41. Rc7+ Kb8
42. Rf7+ Bxd6 43. Nxd6 Bc2 44. b4 44... Rd3 $16) 36... Bh3 37. Ke4 ({9:+0.00} 
37. Ke4 37... Re2+ 38. Kd3 38... Ra2 $10) ({9:+0.27} 37. Rf7 37... Ke8 38. Ra7
Bg4 39. h6 Rh2 40. Ra8+ Kf7 41. Ke4 Re2+ 42. Kd3 Re3+ 43. Kc2 $10) 37... Re2+
38. Kf3 ({10:-1.32} 38. Kf3 38... Re3+ 39. Kf2 Bd4 40. Nb7+ Kc8 41. Bc5 Re7+
42. Bxd4 Rxh7 43. Nd6+ Kd8 44. Kf3 Rxh5 45. Kxf4 $17) ({10:+0.00} 38. Kd3 38...
Rb2 39. Ke4 39... Re2+ $10) 38... Re3+ 39. Kf2 Bd4 40. Nb7+ Kc8 41. Bc5 Re7+
42. Bxd4 Rxh7 43. Nd6+ Kb8 44. Be5 Rxh5 45. Bxf4 Ka8 46. b4 Bg4 47. Kg3 Be6 48.
Kf3 a5 49. b5 cxb5 50. cxb5 Bd5+ 51. Kg4 Rh1 52. b6 a4 53. Nb5 Bc6 54. Na3 Bd7+
55. Kg5 Rg1+ 56. Kf6 Rf1 57. Ke5 Rf3 58. Nc4 a3 59. Be3 a2 60. Bd4 Rd3 61. Bb2
Bb5 62. Nd6 Bc6 63. Ba1 Rd5+ 64. Ke6 Rd1 65. Bc3 Rb1 66. Kf5 Rxb6 67. Nc4 Rb1
68. Ne5 Bd5 69. Nd7 Rf1+ 70. Ke5 Bf7 71. Bb2 Rd1 72. Nc5 Rd2 73. Ba1 Rd5+ 74.
Kf6 Rxc5 75. Kxf7 Rc1 76. Be5 a1=Q 77. Bg3 Rf1+ 78. Ke6 Qf6+ 79. Kd5 Qf3+ 80.
Kd4 0-1

[Event "ICS Rated blitz match"]
[Site "164.58.253.13"]
[Date "1999.03.29"]
[Round "?"]
[White "WinnieDPooh"]
[Black "Hossa"]
[Result "0-1"]
[WhiteElo "1959"]
[BlackElo "2074"]
[PlyCount "85"]

1. c4 e5 2. Nc3 Nf6 3. Nf3 Nc6 4. d4 exd4 5. Nxd4 Bb4 6. Bg5 Bxc3+ 7. bxc3 h6
8. Bh4 g5 9. Bg3 O-O 10. f3 Re8 11. e4 Nh5 12. Bf2 Nf4 13. g3 Nh5 14. Bg2 Nf6
15. O-O d6 16. Qe2 Bd7 17. Rad1 Kh8 18. Rfe1 Ne5 19. Qf1 Nh5 20. Nc2 Ba4 21.
Rd2 Bxc2 22. Rxc2 b6 23. Rd2 Qf6 24. Qe2 Qg6 25. Red1 Rg8 26. Bd4 Rae8 27. Qe3
Nf6 28. f4 Nxc4 29. Qf3 g4 30. Qd3 Nxd2 31. Rxd2 Re7 32. c4 Ree8 33. Qc3 Kg7
34. e5 Qb1+ 35. Kf2 dxe5 36. fxe5 Ne4+ 37. Bxe4 Qxe4 38. e6+ Kg6 39. Re2 Qf5+
40. Kg2 c5 41. Be5 Rxe6 42. Qe3 f6 43. Rf2 {WinnieDPooh resigns} 0-1

[Event "ICS rated blitz match"]
[Site "164.58.253.13"]
[Date "1999.03.29"]
[Round "?"]
[White "Hossa"]
[Black "Bannan"]
[Result "1-0"]
[WhiteElo "2077"]
[BlackElo "1796"]
[PlyCount "64"]

1. e4 Nf6 2. e5 Nd5 3. Nc3 Nxc3 4. dxc3 d6 5. Bf4 Nc6 6. Bb5 Bd7 7. exd6 exd6
8. Nf3 Be7 9. O-O O-O 10. Re1 Re8 11. Nd4 Nxd4 12. Bxd7 Qxd7 13. cxd4 Bf6 14.
Be3 Re7 15. Qh5 Rae8 16. c3 g6 17. Qf3 Bg5 18. Qxb7 Bxe3 19. Rxe3 Rxe3 20. fxe3
Rxe3 21. Qxa7 Re2 22. Qb8+ Kg7 23. Rf1 Qg4 24. Qb7 h5 25. a4 h4 26. h3 Qg3 27.
a5 g5 28. a6 g4 29. a7 gxh3 30. a8=Q Qe3+ 31. Kh1 Re1 32. Qf3 32... Rxf1+ {
Bannan resigns} 1-0

[Event "ICS rated blitz match"]
[Site "164.58.253.13"]
[Date "1999.03.29"]
[Round "?"]
[White "Bannan"]
[Black "Hossa"]
[Result "0-1"]
[WhiteElo "1793"]
[BlackElo "2080"]
[PlyCount "48"]

1. e4 c5 2. Nc3 Nc6 3. g3 Nf6 4. Bg2 e5 5. d3 Be7 6. f4 O-O 7. f5 d6 8. Nf3 Qb6
9. h3 Nd4 10. g4 Nb5 11. g5 Nxc3 12. bxc3 Nd7 13. O-O Qa5 14. Qe1 c4 15. d4
exd4 16. Nxd4 Qc5 17. Be3 Re8 18. Kh1 Qa5 19. Qh4 Qxc3 20. Rae1 h6 21. f6 hxg5
22. Qxg5 Nxf6 23. Nf5 Bxf5 24. Rxf5 24... Qxe1+ {Bannan resigns} 0-1

[Event "ICS rated blitz match"]
[Site "164.58.253.13"]
[Date "1999.03.29"]
[Round "?"]
[White "NewtonChess"]
[Black "Hossa"]
[Result "0-1"]
[WhiteElo "1882"]
[BlackElo "2083"]
[PlyCount "70"]

1. e4 e5 2. f4 exf4 3. Nf3 Bb4 4. a3 Be7 5. d3 g5 6. Nc3 Nc6 7. Nd5 h6 8. g3
fxg3 9. hxg3 Bd6 10. Bxg5 Bxg3+ 11. Kd2 f6 12. Be3 Nce7 13. Nxe7 Qxe7 14. Be2
d5 15. exd5 Bg4 16. Qg1 Qd6 17. Bxa7 b6 18. Qe3+ Ne7 19. Rxh6 Rxh6 20. Qg1 Qf4+
21. Qe3 Bxf3 22. Rg1 Rh2 23. Qxf4 Bxf4+ 24. Kc3 Rxe2 25. Rf1 Bg2 26. Rxf4 Nxd5+
27. Kb3 Nxf4 28. Bxb6 cxb6 29. a4 Rc8 30. c4 Nxd3 31. Kc3 Nxb2 32. c5 Rxc5+ 33.
Kb3 Bd5+ 34. Kb4 Nd3+ 35. Ka3 35... Rc3# {NewtonChess checkmated} 0-1

[Event "ICS rated blitz match"]
[Site "164.58.253.13"]
[Date "1999.03.29"]
[Round "?"]
[White "Hossa"]
[Black "liveZ"]
[Result "1-0"]
[WhiteElo "2085"]
[BlackElo "1963"]
[PlyCount "53"]

1. e4 e6 2. d4 c5 3. Nf3 cxd4 4. Nxd4 Nf6 5. Nc3 Bb4 6. e5 Qc7 7. exf6 Bxc3+ 8.
bxc3 Qxc3+ 9. Bd2 Qxd4 10. fxg7 Qxg7 11. c4 Nc6 12. Rb1 b6 13. Rb3 Bb7 14. Bc3
f6 15. c5 Ne5 16. cxb6 Bd5 17. b7 Rb8 18. Bxe5 fxe5 19. Rg3 Qf7 20. Ba6 Bxb7
21. Qd6 Rc8 22. Bxb7 Rc1+ 23. Ke2 Qh5+ 24. Bf3 Rc2+ 25. Kd1 Qf5 26. Rg7 Qd3+
27. Qxd3 {liveZ resigns} 1-0

[Event "ICS Rated blitz match"]
[Site "164.58.253.13"]
[Date "1999.03.30"]
[Round "?"]
[White "Hossa"]
[Black "cubebox"]
[Result "0-1"]
[WhiteElo "2090"]
[BlackElo "2517"]
[Annotator "Crafty v16.6"]
[PlyCount "90"]

{annotating for player Hossa using a scoring margin of +0.10 pawns. search
time limit is 12.00} 1. e4 1... c5 2. Bc4 a6 3. Nc3 Nc6 4. Nf3 Nf6 5. d3 ({
8:+0.04} 5. d3 5... d6 6. d4 b5 7. Bd5 Nxd5 8. exd5 Nxd4 9. Nxd4 cxd4 10. Qxd4
$10) ({8:+0.65} 5. e5 5... d5 6. exd6 Qxd6 7. O-O b5 8. Be2 Nd4 9. Re1 Nxe2+
10. Qxe2 $14) 5... e6 6. Bg5 Be7 7. e5 Ng4 8. Bxe7 Qxe7 9. Qe2 O-O 10. h3 ({
9:-0.29} 10. h3 10... Nh6 11. O-O-O b5 12. Bb3 b4 13. Ne4 Nd4 14. Nxd4 14...
cxd4 $10) ({9:+0.10} 10. Qe4 10... Nh6 11. O-O b5 12. Bb3 Bb7 13. Qf4 Nf5 14.
Bd5 $10) 10... Nh6 11. O-O-O ({9:-0.46} 11. O-O-O 11... b5 12. Bb3 Bb7 13. Ne4
Nd4 14. Nxd4 cxd4 15. Kb1 15... Nf5 $15) ({9:-0.35} 11. Qe4 11... b5 12. Bb3
Bb7 13. O-O Na5 14. Qh4 Qxh4 15. Nxh4 15... Rad8 $15) 11... b5 12. Bb3 Bb7 13.
Ne4 ({8:-0.80} 13. Ne4 13... a5 14. a4 bxa4 15. Bxa4 Nd4 16. Qe3 Nhf5 17. Qg5
$17) ({8:-0.46} 13. Qd2 13... Nf5 14. Ne4 a5 15. g4 Nfd4 16. Nxd4 Nxd4 17. Qc3
$15) 13... a5 14. Nd6 a4 15. Nxb7 ({9:-0.86} 15. Nxb7 15... axb3 16. axb3 Nf5
17. Kd2 Ncd4 18. Qe4 Nxf3+ 19. gxf3 Ra2 20. Ke1 $17) ({9:-0.74} 15. Bxa4 15...
Rxa4 16. Nxb7 Rxa2 17. Nd6 Nf5 18. Nxb5 Rb8 19. c4 $17) 15... axb3 16. axb3 f6
17. Qe3 d5 18. Nd6 Nxe5 19. Nxb5 Nf5 20. Qe2 Nxf3 21. Qxf3 Rfb8 22. Nc3 Nd4 23.
Qh5 Qb7 24. Nb1 Ra1 25. Rhe1 Qa6 26. Kd2 Qa2 27. Na3 Rxd1+ 28. Qxd1 Qxb2 29.
Nb1 Nxb3+ 30. Ke2 Nd4+ 31. Kd2 Qb4+ 32. Nc3 Nb5 33. Qa1 d4 34. Rb1 dxc3+ 35.
Ke1 Qf4 36. Qa2 Nd4 37. Rxb8+ Qxb8 38. f3 Qb2 39. Qa8+ Kf7 40. Qc8 Nxc2+ 41.
Kf2 Ne3+ 42. Kxe3 Qd2+ 43. Ke4 Qe1+ 44. Kf4 g5+ 45. Kg4 Qh4# 0-1

[Event "ICS Rated blitz match"]
[Site "207.99.83.227"]
[Date "1999.03.30"]
[Round "?"]
[White "Hossa"]
[Black "TDChess"]
[Result "0-1"]
[WhiteElo "2596"]
[BlackElo "2433"]
[Annotator "Crafty v16.6"]
[PlyCount "86"]

{annotating for player Hossa using a scoring margin of +0.10 pawns. search
time limit is 12.00} 1. e4 1... e6 2. Nf3 d5 3. exd5 exd5 4. Bb5+ c6 5. Be2 Nf6
6. O-O Bd6 7. d3 O-O 8. Bg5 Re8 9. Nc3 h6 10. Bxf6 ({8:-0.41} 10. Bxf6 10...
Qxf6 11. Re1 Bg4 12. Nd2 Qe5 13. Nf1 Bf5 14. Ng3 $15) ({8:-0.14} 10. Be3 10...
Ng4 11. Bd2 Nd7 12. h3 Ngf6 13. Re1 13... Nc5 $10) 10... Qxf6 11. Re1 Nd7 12.
d4 Nf8 13. Rb1 ({8:-0.77} 13. Rb1 13... Ng6 14. Qd2 Nf4 15. Bd1 Bg4 16. Rc1
16... Qf5 $17) ({8:-0.58} 13. a4 13... Ng6 14. a5 Bg4 15. a6 b6 16. Qd2 Qf4 17.
Qxf4 17... Bxf4 $15) 13... Bg4 14. Ne5 Bxe2 15. Qxe2 Ng6 16. Nd7 Bxh2+ 17. Kf1
Qxd4 18. Qxe8+ Rxe8 19. Rxe8+ Kh7 20. g3 Qg4 21. Nf8+ Nxf8 22. Rxf8 Qh3+ 23.
Ke2 Qf5 24. Re8 Qxc2+ 25. Ke1 d4 26. Re2 Qg6 27. Ne4 f5 28. Nd2 d3 29. Re3 f4
30. gxf4 Bxf4 31. Re7 Qh5 32. Nf1 Bd6 33. Ng3 Bxg3 34. fxg3 Qh1+ 35. Kd2 Qxb1
36. Rxb7 Qc2+ 37. Ke3 Qe2+ 38. Kf4 Qe6 39. Kf3 d2 40. Kf2 d1=Q 41. g4 Qee2+ 42.
Kg3 Qxg4+ 43. Kh2 Qdg1# 0-1